A dictionary of gestures /

Bibliographic Details
Main Author: Bäuml, Betty J.
Other Authors: Bäuml, Franz H.
Format: Book
Language:English
Published: Metuchen, N.J. : Scarecrow Press, 1975.
Subjects:

MARC

Tag First Indicator Second Indicator Subfields
LEADER 00000pam a2200000 i 4500
001 in00000467310
005 20151013050844.0
008 750715s1975 njua bd 00110 eng
010 |a  75023144  
020 |a 0810808633 
035 |a (OCoLC)01531972 
035 |9 ACA6722AM 
040 |a DLC  |c DLC  |d TXA  |d UtOrBLW 
049 |a TXAM  |c [1235407] 
050 0 0 |a BF591  |b .B3 
082 0 |a 152.3/84 
100 1 |a Bäuml, Betty J. 
245 1 2 |a A dictionary of gestures /  |c by Betty J. Bauml and Franz H. Bauml. 
264 1 |a Metuchen, N.J. :  |b Scarecrow Press,  |c 1975. 
300 |a xxxv, 249 pages :  |b illustrations ;  |c 22 cm. 
336 |a text  |b txt  |2 rdacontent 
337 |a unmediated  |b n  |2 rdamedia 
338 |a volume  |b nc  |2 rdacarrier 
504 |a Bibliography: pages xiii-xxxiii. 
650 0 |a Gesture  |x Dictionaries. 
650 0 |a Nonverbal communication  |x Dictionaries. 
700 1 |a Bäuml, Franz H. 
999 |a MARS 
999 f f |s 5adf22a9-c598-3dc9-9eb3-20cbc88d4963  |i 7be91ed8-e7b2-39d1-9c28-983deea941e9  |t 0 
952 f f |p ric  |a Texas A&M University  |b Rellis Campus  |c Joint Library Facility  |d Remote Storage  |t 0  |e BF591 .B3  |h Library of Congress classification  |i unmediated -- volume  |m A14801685981 
998 f f |a BF591 .B3  |t 0  |l Remote Storage